F1 2013 Line-ups - Statistiques

Statistiques générales
  • Ce quiz a été pris 26 fois
  • Le résultat moyen est 16 sur 22
Statistiques - réponses
Tram Nationality Driver % Correct
United Kingdom Lewis Hamilton
100%
Infiniti Red Bull Racing Germany Sebastian Vettel
100%
Lotus F1 Team Finland Kimi Raïkkönen
95%
Mercedes AMG Petronas F1 Team Germany Nico Rosberg
95%
Scuderia Ferrari Spain Fernando Alonso
91%
Mexico Sergio Perez
91%
Australia Daniel Ricciardo
86%
Brazil Felipe Massa
86%
Vodafone McLaren Mercedes United Kingdom Jenson Button
86%
Australia Mark Webber
86%
Williams F1 Team Venezuela Pastor Maldonado
86%
France Romain Grosjean
86%
Scuderia Toro Rosso France Jean-Eric Vergne
77%
Sauber F1 Team Germany Nico Hülkenberg
73%
Finland Valtteri Bottas
73%
Marussia F1 Team France Jules Bianchi
64%
Germany Adrian Sutil
59%
Caterham F1 Team France Charles Pic
55%
Mexico Esteban Gutiérrez
45%
Sahara Force India F1 Team United Kingdom Paul di Resta
45%
United Kingdom Max Chilton
23%
Netherlands Giedo van der Garde
18%
Aucun quiz correspondant
Distribution des résultats
% des personnes avec chaque résultat
Percentile par nombre de réponses
Votre historique - résultats
Vous n’avez pas pris ce quiz